Chanting from the heart : Buddhist ceremonies and daily practices

Bibliographic Details
Corporate Author: Title
Other Authors: Nhat Hanh, Thich
Format: Book
Published: California : Parallax Press , 2007
Subjects:

MARC

LEADER 00000cam a2200000 7i4500
001 0000012704
005 20071228.0
008 071228
020 |a 1888375639 
090 0 0 |a 294.34433   |b CHA 
245 1 0 |a Chanting from the heart :   |b Buddhist ceremonies and daily practices   |c Thich Nhat Hanh and the monks and nuns of Plum Village 
260 |a California :   |b Parallax Press ,   |c 2007 
650 0 |a Buddhism   |x Prayer-book and devotions   |x English 
650 0 |a Village des pruniers (Buddhist community) 
700 0 |a Nhat Hanh, Thich 
710 0 |a Title 
999 |a 0001010003   |b Book   |c Adult Collection   |e Perbadanan Perpustakaan Awam Johor